LIBRARY & INFORMATION CENTRE, KCAET, TAVANUR

ONLINE PUBLIC ACCESS CATALOGUE (OPAC)

Semi-micro qualitative analysis for schools / (Record no. 8569)

MARC details
000 -LEADER
fixed length control field 00406cam a2200157ua 4500
041 ## - LANGUAGE CODE
Language code of text/sound track or separate title eng
082 ## - DEWEY DECIMAL CLASSIFICATION NUMBER
Classification number 544
Item number WIL/SE
100 ## - MAIN ENTRY--AUTHOR NAME
Personal name Wilson, J G .
245 ## - TITLE STATEMENT
Title Semi-micro qualitative analysis for schools /
250 ## - EDITION STATEMENT
Edition statement 1 /
260 ## - PUBLICATION, DISTRIBUTION, ETC. (IMPRINT)
Place of publication Cambridge :
Name of publisher Cambridge University Press ,
Year of publication 1965.
300 ## - PHYSICAL DESCRIPTION
Number of Pages 60 ; .
942 ## - ADDED ENTRY ELEMENTS (KOHA)
Koha item type Books
Holdings
Withdrawn status Lost status Damaged status Home library Current library Date acquired Full call number Accession Number Koha item type
Withdrawn     KAUAET Sanskrit University 07/04/2012 544 12559 Books
free website counter